000 00790nmm a2200301 a 4500
003 AR-Y00000XR
005 20251128211932.0
008 297020s1995 ||||||||||||||000 | spa||
020 _a85-7164-436-5
040 _cAR-Y00000XR
100 1 _aCaldeira, Jorge
245 1 0 _aMauá
_bempresário do império
260 _aSão Paulo
_bCompanhia das Letras
_c1995
300 0 _a557 p.
600 1 4 _aMauá, Irineu Evangelista de Sousa
_d1813-1889
650 4 _aNEGOCIOS
650 4 _aFINANZAS
650 4 _aEMPRESARIOS
650 4 _aBIOGRAFIAS
650 4 _aHISTORIA ECONOMICA
650 4 _aSIGLO DIECINUEVE
651 4 _aBrasil
653 0 _aHISTORIA BRASILENA
655 _aBIOGRAFIAS
700 1 _aAlmeida, Hélio de
_eilustrador
942 _cBK
998 _cme-solo cat
999 _c21688
_d21688